书目信息 |
| 题名: |
首席专家李舜伟谈你可以睡得更好
|
|
| 作者: | 李舜伟 著 | |
| 分册: | ||
| 出版信息: | 北京 人民卫生出版社 2003 |
|
| 页数: | 206页 | |
| 开本: | 20cm | |
| 丛书名: | 相约健康社区行巡讲精粹 | |
| 单 册: | ||
| 中图分类: | R163 | |
| 科图分类: | ||
| 主题词: | 睡眠--基本知识 , 睡眠 | |
| 电子资源: | ||
| ISBN: | 7-117-05724-6 | |
| 000 | 00909oam2 2200265 45 | |
| 001 | 020000002703 | |
| 005 | 20051220093701.56 | |
| 010 | @a7-117-05724-6@dCNY10.00 | |
| 092 | @aCN | |
| 100 | @a20031113d2003 ekmy0chiy0120 ea | |
| 101 | 0 | @achi |
| 102 | @aCN@b110000 | |
| 105 | @aa z 000yy | |
| 200 | 1 | @a首席专家李舜伟谈你可以睡得更好@9shou xi zhuan jia li shun wei tan ni ke yi shui de geng hao@f李舜伟著@Fli shun wei zhu |
| 210 | @a北京@c人民卫生出版社@d2003 | |
| 215 | @a206页@c图@d20cm | |
| 225 | 2 | @a相约健康社区行巡讲精粹@f殷大奎 |
| 330 | @a本书以健康的生活方式为主题,内容包括合理善食、适量运动、平衡心理、常见病防治等群众关心的话题和必备的知识。 | |
| 410 | 0 | @12001 @a相约健康社区行巡讲精粹@1701 0@a殷大奎@Ayin da kui |
| 606 | 0 | @a睡眠@x基本知识 |
| 606 | 0 | @a睡眠 |
| 690 | @aR163@v4 | |
| 701 | 0 | @a李舜伟@Ali shun wei@4著 |
| 801 | 0 | @aCN@bCXYBOOK@c20051220 |
| 905 | @a10447@dR163@e80 | |
| 首席专家李舜伟谈你可以睡得更好/李舜伟著.-北京:人民卫生出版社,2003 |
| 206页:图;20cm.-(相约健康社区行巡讲精粹/殷大奎) |
| ISBN 7-117-05724-6:CNY10.00 |
| 本书以健康的生活方式为主题,内容包括合理善食、适量运动、平衡心理、常见病防治等群众关心的话题和必备的知识。 |
| ● |
| 相关链接 |
|
|
|
|
正题名:首席专家李舜伟谈你可以睡得更好
索取号:R163/80
 
预约/预借
| 序号 | 登录号 | 条形码 | 馆藏地/架位号 | 状态 | 备注 |
| 1 | 0371975 | 203719752 | 第二样本阅览室/ [索取号:R163/80] | 在馆 | |
| 2 | 0371976 | 203719761 | 第三借阅区/ [索取号:R163/80] | 在馆 | |
| 3 | 0371977 | 203719770 | 第三借阅区/ [索取号:R163/80] | 在馆 | |
| 4 | 0371978 | 203719789 | 教育系资料室/ [索取号:R163/80] | 在馆 | |
| 5 | 0371979 | 203719798 | 教育系资料室/ [索取号:R163/80] | 在馆 |